000 00493nam a22001697a 4500
008 150925b xxu||||| |||| 00| 0 eng d
020 _a0805376321
041 0 _aeng
080 _a311.1
100 1 _aTriola, Mario F.
245 1 0 _aElementary statistics /
_cMario F. Triola.
250 _a5th ed., Annotated instructor's ed.
260 _aReading, Mass. :
_bAddison-Wesley Pub. Co.,
_c1992.
300 _a1 v. (various pagings) :
_bme il.;
_c24 cm.
650 0 _aStatistika
942 _2udc
_cBK
999 _c1188
_d1188